<The> New-old transmigrants, their transnational lives, and ethnicization <a> comparison of 19th/20th and 20th/21st c. situations

Uložené v:
Podrobná bibliografia
Hlavný autor: Morawska, Ewa
Médium: Kniha
Jazyk:English
Vydavateľské údaje: San Domenico (FI) European University Institute 1999
Edícia:EUI Working Paper EUF No. 99/2
Predmet:
Tagy: Pridať tag
Žiadne tagy, Buďte prvý, kto otaguje tento záznam!

MARC

LEADER 00000nam a2200000 4500
001 c131928
005 20221108123931.8
041 0 |a eng 
044 |a IT 
245 1 0 |a <The> New-old transmigrants, their transnational lives, and ethnicization  |b <a> comparison of 19th/20th and 20th/21st c. situations  |c Ewa Morawska 
264 1 |a San Domenico (FI)  |b European University Institute  |c 1999 
300 |a 40 s. 
490 1 |a EUI Working Paper EUF  |v No. 99/2 
830 0 |a EUI Working Paper EUF  |v No. 99/2 
610 2 0 |a migrácia 
610 2 0 |a národnosti 
610 2 0 |a svet 
610 2 0 |a porovnanie medzinárodné 
610 2 0 |a emigrácia 
610 2 0 |a 1801-1900 
610 2 0 |a 1901-2000 
100 1 |a Morawska, Ewa